A történelem vége és az utolsó ember
Elmentve itt :
| Szerző: | |
|---|---|
| Adatforrás: | Meister |
| Forrásdokumentuma: | A Hét. - 27 sz., 1994, 15 p. |
| Nyelv: | magyar |
| Kulcsszavak: | politológia történetfilozófia kapitalizmus FUKUYAMA Francis HEGEL G.W.F. MARX Karl FEHÉR Ferenc |
| LEADER | 00509nab a2200193 i 4500 | ||
|---|---|---|---|
| 001 | bibPRO00005632 | ||
| 008 | 060524s1994 xx hun | ||
| 040 | |a Sz1 | ||
| 041 | |a hun | ||
| 100 | 1 | |a FEHÉR Ferenc | |
| 245 | 1 | 2 | |a A történelem vége és az utolsó ember |c FEHÉR Ferenc |
| 695 | |a politológia | ||
| 695 | |a történetfilozófia | ||
| 695 | |a kapitalizmus | ||
| 695 | |a FUKUYAMA Francis | ||
| 695 | |a HEGEL G.W.F. | ||
| 695 | |a MARX Karl | ||
| 695 | |a FEHÉR Ferenc | ||
| 773 | 0 | |t A Hét. - |g 27 sz., 1994, 15 p. | |